Caviar producers of the EU - Statistics

General Stats
  • This quiz has been taken 13 times
  • The average score is 5 of 9
Answer Stats
Tons Country % Correct
54 Italy
100%
45 France
67%
24 Poland
58%
5 Belgium
50%
6 Bulgaria
50%
5 Finland
50%
15 Germany
50%
7 Spain
50%
3 Latvia
42%
No matching quizzes found
Score Distribution
Percent of People with Each Score
Percentile by Number Answered
Your Score History
You have not taken this quiz